000 00445nam a2200181Ia 4500
001 9005
005 20260306160651.0
008 260306t2012||||xx |||||||||||||| ||spa||
041 _aESP
082 _a372.21
_bR43
100 _aRequena Balmaseda, María Dolores
_eAUT
245 0 _aDidáctica de la educación infantil
260 _c2012
300 _a297 páginas :
_c27 cm.
650 _aGEN
654 _aCED
942 _cLIB
_dJUS
_fJUS
_2ddc
_n
999 _c9005
_d9005